Lion King trivia - Statistics

General Stats
  • This quiz has been taken 81 times
  • The average score is 42 of 45
Answer Stats
Question Tile Select % Correct
Name of mother of the main character Mufasa No
97%
Name of mother of the main character Pumbaa No
97%
Name of mother of the main character Scar No
97%
Name of mother of the main character Timon No
97%
Name of the baboon Banzai No
96%
Name of mother of the main character Mom No
96%
Name of the baboon Mufasa No
96%
Name of the baboon Nala No
96%
Name of mother of the main character Nala No
96%
Name of the main villian of Lion king 2 Nala No
96%
Name of the baboon Pumbaa No
96%
Name of the main villian of Lion king 2 Pumbaa No
96%
Name of Simba's daughter Pumbaa No
96%
Name of mother of the main character Rafiki No
96%
Name of Simba's daughter Rafiki No
96%
Name of Simba's daughter Scar No
96%
Name of the baboon Simba No
96%
Name of the main villian of Lion king 2 Simba No
96%
Name of Simba's daughter Simba No
96%
Name of the main villian of Lion king 2 Timon No
96%
Name of Simba's daughter Timon No
96%
Name of the baboon Zazu No
96%
Name of Simba's daughter Zazu No
96%
Name of the meerkats mother's name Mufasa No
94%
Name of the main villian of Lion king 2 Rafiki No
94%
Name of the baboon Scar No
94%
Name of the meerkats mother's name Scar No
94%
Name of the meerkats mother's name Simba No
94%
Name of the baboon Timon No
94%
Name of the main villian of Lion king 2 Zazu No
94%
Name of Simba's daughter Banzai No
93%
Name of mother of the main character Ma No
93%
Name of Simba's daughter Nala No
93%
Name of the meerkats mother's name Rafiki No
93%
Name of the meerkats mother's name Zazu No
93%
Name of the meerkats mother's name Banzai No
92%
Name of the baboon Rafiki Yes
92%
Name of the main villian of Lion king 2 Banzai No
90%
Name of Simba's daughter Kiara Yes
90%
Name of mother of the main character Sarabi Yes
90%
Name of the meerkats mother's name Timon No
89%
Name of the meerkats mother's name Mom No
88%
Name of the main villian of Lion king 2 Scar No
83%
Name of the meerkats mother's name Ma Yes
79%
Name of the main villian of Lion king 2 Zira Yes
79%
No matching quizzes found
Score Distribution
Percent of People with Each Score
Percentile by Number Answered
Your Score History
You have not taken this quiz